FAKTORY OVLIVŇUJÚCÍ AKUMULACI NĚKTERÝCH KOVŮ VE VODNÍCH ROSTLINÁCH

Bibliographic Details
Main Authors: Švehla, J. (Author), Bastl, J. (Author), Pokorný, J. (Author), Drbal, K. (Author)
Format: Article
Language:Czech

MARC

LEADER 00000naa a2200000uu 4500
001 vtls011084950
003 SK-MaSNL
005 20260302105059.0
008 220810|1996 xo |||||||||||||||||cze|
015 |a SNBRA 
035 |a (urnnbn)urn:nbn:sk:snk:ar-a0clmo 
035 |a (uuid)f686a587-2f69-4ef2-99ea-d9db3dce45dd 
035 |a urn:nbn:sk:snk-aavrip 
040 |a SNKBUCL  |b slo  |c SNKBUCL  |e AACR2 
041 0 |a cze 
044 |a xo  |c SK 
100 1 |a Švehla, J.  |4 aut  |9 400026 
245 1 0 |a FAKTORY OVLIVŇUJÚCÍ AKUMULACI NĚKTERÝCH KOVŮ VE VODNÍCH ROSTLINÁCH  |c J. Švehla, J. Bastl, J. Pokorný, K. Drbal 
700 1 |a Bastl, J.  |4 aut  |9 783188 
700 1 |a Pokorný, J.  |4 aut  |9 368254 
700 1 |a Drbal, K.  |4 aut  |9 783189 
773 0 |t Zborník z medzinárodnej vedeckej konferencie "Agronomická fakulta a vývoj poľnohospodárstva na Slovensku"  |d Nitra : Vysoká škola poľnohospodárska, 1996  |g S. 26-30  |z 8071372765 
954 |a odborná, vedecká literatúra cudzojazyčná (svetová)  |2 lita 
958 |a OND 
958 |a article12 
958 |a chapter 
999 |c 1237327  |d 1239257